Property Litigation Association (Record no. 109192)

MARC details
000 -LEADER
fixed length control field 01046cad a22002535a 4500
001 - CONTROL NUMBER
control field L146478
008 - FIXED-LENGTH DATA ELEMENTS--GENERAL INFORMATION
fixed length control field 090123s2008 xxk f v 100 0 eng d
035 ## - SYSTEM CONTROL NUMBER
System control number (Sirsi) u146478
041 0# - LANGUAGE CODE
Language code of text/sound track or separate title eng
050 04 - LIBRARY OF CONGRESS CALL NUMBER
Classification number 346.41043 $2 18
110 2# - MAIN ENTRY--CORPORATE NAME
Corporate name or jurisdiction name as entry element Property Litigation Association
9 (RLIN) 4147
245 00 - TITLE STATEMENT
Title Property Litigation Association
Remainder of title general documents
Medium [electronic resource]
260 ## - PUBLICATION, DISTRIBUTION, ETC.
Place of publication, distribution, etc. [S.l.]
Name of publisher, distributor, etc. PLA
Date of publication, distribution, etc. 2008
505 2# - FORMATTED CONTENTS NOTE
Formatted contents note Insolvency: rent recovery in administration -- Every little helps: interim rent and apportionment -- What to look for in a set of accounts -- 1954 Act: validity of notices
520 ## - SUMMARY, ETC.
Summary, etc. Collection of artciles on a range of property litigation matters. Includes some hypothetical case studies.
590 ## - LOCAL NOTE (RLIN)
Local note KA
651 #4 - SUBJECT ADDED ENTRY--GEOGRAPHIC NAME
Geographic name United Kingdom
Chronological subdivision
690 ## - LOCAL SUBJECT ADDED ENTRY--TOPICAL TERM (OCLC, RLIN)
Topical term or geographic name as entry element MANAGEMENT-CORPORATE RECOVERY
700 1# - ADDED ENTRY--PERSONAL NAME
Personal name Ayliffe, James
700 1# - ADDED ENTRY--PERSONAL NAME
Personal name Lamont, Camilla
700 1# - ADDED ENTRY--PERSONAL NAME
Personal name Holland, Katharine
856 40 - ELECTRONIC LOCATION AND ACCESS
Uniform Resource Identifier <a href="https://www.pla.org.uk/library/conference_papers">https://www.pla.org.uk/library/conference_papers</a>
Public note View the conference papers free of charge at www.pla.org.uk...
942 ## - ADDED ENTRY ELEMENTS (KOHA)
Suppress in OPAC 0
Holdings
Withdrawn status Lost status Source of classification or shelving scheme Damaged status Not for loan Home library Current library Shelving location Date acquired Total Checkouts Full call number Barcode Date last seen Copy number Price effective from Koha item type
    Dewey Decimal Classification     Virtual Virtual Online 23/01/2009   ONLINE PUBLICATION 146478-2001 06/08/2019 1 06/08/2019 Journal article